| 000 | 00476nam a2200181Ia 4500 | ||
|---|---|---|---|
| 005 | 20230804083130.0 | ||
| 008 | 131103s9999 xx 000 0 und d | ||
| 040 | _aLoreto College | ||
| 041 | _aEnglish | ||
| 082 |
_a901 _bTOY |
||
| 100 | _aToynbee,Arnold | ||
| 245 | 4 |
_aThe world and the west _cArnold Toynbee |
|
| 260 |
_aLondon _bOxford University Press _c1953 (1957 printing) |
||
| 300 | _avi,99 p. | ||
| 650 | _aHistory - Philosophy | ||
| 850 | _aLCLIB | ||
| 942 | _cBK | ||
| 999 |
_c8538 _d59017 |
||